| 000 | 00515 a2200217 4500 | ||
|---|---|---|---|
| 001 | 19269 | ||
| 999 |
_c19269 _d5966 |
||
| 003 | TR-AnTOB | ||
| 005 | 20210927162810.0 | ||
| 008 | 041102s1995 tu tur | ||
| 020 | _a9754781532 | ||
| 041 | _atur | ||
| 050 |
_aPL248.O7 _bK3 1995 |
||
| 090 | _aPL248.O7 K3 1995 | ||
| 100 | 0 |
_aOrhan Kemal, _d1914-1970 _9116977 |
|
| 245 | 0 |
_aKaçak / _c1914-1970 Orhan Kemal. |
|
| 250 | _a8. bs. | ||
| 264 | 1 |
_aİstanbul : _bTekin Yayınevi, _c1995 |
|
| 300 |
_a234 p. ; _c20 cm. |
||
| 902 | _a0008027 | ||
| 942 | _cBK | ||